La brecha comercial y la integración latinoamericana

সংরক্ষণ করুন:
গ্রন্থ-পঞ্জীর বিবরন
সংস্থা লেখক: Instituto Latinoamericano de Planificación Económica y Social
বিন্যাস: পাঠ‍্য
প্রকাশিত: México, D.F.: Siglo XXI
ট্যাগগুলো: ট্যাগ যুক্ত করুন
কোনো ট্যাগ নেই, প্রথমজন হিসাবে ট্যাগ করুন!

MARC

LEADER 00000 a a2200000 04500
001 22594
003
040
090 |a 154800  
110 |a Instituto Latinoamericano de Planificación Económica y Social  
245 |a La brecha comercial y la integración latinoamericana  
260 |a México, D.F.:   |b Siglo XXI  
300 |a 287 p.   |b **no definido**   |b fonodiscos  
999 |c 16437  |d 16437